Normal view
MARC view
- Statistics
Entry Topical Term
001 - CONTROL NUMBER
- control field: 123671
003 - CONTROL NUMBER IDENTIFIER
- control field: NUST
005 - DATE AND TIME OF LATEST TRANSACTION
- control field: 20240613200339.0
008 - FIXED-LENGTH DATA ELEMENTS
- fixed length control field: 240613|| aca||aabn | a|a d
040 ## - CATALOGING SOURCE
- Original cataloging agency: NUST
- Transcribing agency: NUST
150 ## - HEADING--TOPICAL TERM
- Topical term or geographic name entry element: Statistics
- Topical term or geographic name entry element: algorithms
670 ## - SOURCE DATA FOUND
- Source citation: Work cat.: (NUST): Spiegelhalter, David 123670, The Art of Statistics: how to learn from data, 2021.
